00532nam a2200181Ia 450000500170000000800410001708200180005810000190007624500460009526000400014130000120018165000100019365000210020365000110022494200060023595200940024199900150033520250213043121.0240331s9999 xx 000 0 und d bSEN21a305.4 aSeneviratne, M 0aSome Women of the Mahavamsa and Culavamsa aColombobH. W. Cave & Companyc1969 a186 p., aWomen aWomen in History aCeylon cL 001040708LaWERCLbWERCLcSSCd2024-03-31l0o 305.4 SENp1r2024-03-31w2024-03-31yL c4569d4569